Educating the evolved mind: Conceptual foundations for an evolutionary educational psychology (Record no. 1390306)

MARC details
000 -LEADER
fixed length control field 00728nam a2200229Ia 4500
005 - DATE AND TIME OF LATEST TRANSACTION
control field 20250508164638.0
008 - FIXED-LENGTH DATA ELEMENTS--GENERAL INFORMATION
fixed length control field 008 250505s9999 xx 000 0 eng d
020 ## - INTERNATIONAL STANDARD BOOK NUMBER
International Standard Book Number 0-415-39635-2
037 ## - SOURCE OF ACQUISITION
Stock number Textual
040 ## - CATALOGING SOURCE
Original cataloging agency FEDL
Language of cataloging eng
Transcribing agency FEDL
041 ## - LANGUAGE CODE
Language code of text/sound track or separate title eng
Source of code eng
084 ## - COLON CLASSIFICATION NUMBER
Classification number 370.15, CAR
Assigning agency FEDL
100 ## - MAIN ENTRY--PERSONAL NAME
Personal name Carlson Jerry S Ed.
9 (RLIN) 778719
245 #0 - TITLE STATEMENT
Title Educating the evolved mind: Conceptual foundations for an evolutionary educational psychology
260 ## - PUBLICATION, DISTRIBUTION, ETC.
Place of publication, distribution, etc. Charlotte, USA
Name of publisher, distributor, etc. Information Age Publishing, Inc.
Date of publication, distribution, etc. 2007
300 ## - PHYSICAL DESCRIPTION
Extent xii,203p.
365 ## - TRADE PRICE
Price type code USD
Price amount 39.99
650 ## - SUBJECT ADDED ENTRY--TOPICAL TERM
Topical term or geographic name entry element Educational psychology
700 ## - ADDED ENTRY--PERSONAL NAME
Personal name Levin Joel R Ed.
9 (RLIN) 778720
942 ## - ADDED ENTRY ELEMENTS (KOHA)
Koha item type Textual
Classification part 370.15, CAR
Holdings
Withdrawn status Lost status Damaged status Not for loan Home library Current library Date acquired Cost, normal purchase price Total Checkouts Full call number Barcode Date last seen Price effective from Koha item type
        Department of Education Library Department of Education Library 2025-05-08 39.99   370.15, CAR EL0083932 2025-05-08 2025-05-08 Textual
Copyright @ Delhi University Library System